| 000 | 04695nam a22003857a 4500 | ||
|---|---|---|---|
| 005 | 20260319063739.0 | ||
| 008 | 151221b2015 ag ||||| |||| 00| 0 spa d | ||
| 020 | _a9789876296175 | ||
| 082 | 0 |
_220 _a306.0982 _bCUL 967 |
|
| 245 | 0 | 3 |
_aLa cultura Argentina hoy : _btendencias! / _ccompilación, Luis Alberto Quevedo. |
| 260 |
_aBuenos Aires : _bSiglo XXI, _c2015. |
||
| 300 |
_a415 p. ; _bfot. ; _c23 cm. |
||
| 505 | 0 |
_tTendencia / _rLuis Alberto Quevedo. _gp.15-38. |
|
| 505 | 0 |
_t¿Cuánto o cómo se lee? De los libros a las pantallas / _r Néstor García Canclini. _gp.39-56. |
|
| 505 | 0 |
_tFilosofía de la experiencia postidentitaria / _r Darío Sztajnszrajber. _gp.57-88. |
|
| 505 | 0 |
_tCuerpo, palabra y música en el tango del siglo XXI / _rGustavo Varela. _gp.89-116. |
|
| 505 | 0 |
_tDevenires del apetito argentino / _rMatías Bruera. _gp.117-150. |
|
| 505 | 0 |
_tLa escena teatral argentina en el siglo XXI. Permanencia, transformaciones, intensificaciones, aperturas / _rJorge Dubatti. _gp.151-196. |
|
| 505 | 0 |
_tNarrativas transmedia. Cuando los relatos no se quedan quietos / _rAriana Vacchieri. _gp.197-232. |
|
| 505 | 0 |
_tCultura, juventud y política en los años del Kirchnerismo / _rJosé Natanson. _gp.233-254. |
|
| 505 | 0 |
_tAnegados en la cultura. "Be creative!" / _rRubens Bayardo _gp.255-286. |
|
| 505 | 0 |
_tNómades, convergentes, protésicos y obnubilados. Los jóvenes ante las emergencias del campo tecnológico digital / _rMarcelo Urresti. _gp.287-318. |
|
| 505 | 0 |
_tEl cuerpo, modelo para (re)armar. Cartografía de imágenes y experiencias en los consumos urbanos / _rSilvia Citro. _gp.319-348. |
|
| 505 | 0 |
_tLa ciudad como lienzo de las culturas / _rMariana Chavez. _gp.349-374. |
|
| 505 | 0 |
_tNuevas y viejas formas de (des)encuentro amoroso. Claves generacionales / _rSilvia Elizalde. _gp.375-400. |
|
| 520 | _aDurante el siglo XX la cultura fue un campo de batalla tan intenso como el de la guerra o el de la expansión desenfrenada del capitalismo; fue el escenario en que murieron todos los géneros –discursivos, artísticos, sexuales– entendidos como clasificaciones rígidas. Por contraposición, el siglo XXI parece libre de dramatismos, casi desangelado. ¿Cómo definir los rasgos culturales distintivos de este siglo, sin la pretensión de dar con un solo “espíritu de época”? Este libro, coordinado por Luis Alberto Quevedo, uno de los máximos referentes en el estudio de la cultura actual, no sólo reúne trabajos capaces de revelar un estado de cosas; además, inventa y propone conceptos para pensar, fuera de los moldes heredados, estilos de vida, experiencias y manifestaciones artísticas de nuestro presente. A partir de la idea de “tendencias”, que no son modas momentáneas sino prácticas con cierto arraigo y estabilidad, los autores trazan un mapa de la cultura argentina de hoy y sus recorridos más significativos. Así, explican la desaparición del cuerpo natural y su transformación en territorio de intervenciones múltiples (mediante cirugías, tatuajes, piercings, el control de los alimentos que se consumen y el culto de dietéticas naturistas) o las mutaciones del espacio público, que se siente como un ámbito amenazado por la “otredad” pero aparece surcado por eventos colectivos y una variada oferta cultural, desde La Noche de las Librerías y las Gallery Nights hasta el auge del running urbano. También reseñan las formas híbridas que adoptan las culturas juveniles (los booktubers y los nuevos espectadores-críticos, que reinventan la crítica literaria y de espectáculos, al instalar una modalidad y una retórica más horizontales), las nuevas opciones de militancia política, el uso de las redes sociales, las tecnologías que ya se integraron a la vida cotidiana y cuya desmaterialización creciente cambiará también los modos de existencia. Al eludir la fugacidad oportunista programada por las industrias del entretenimiento, este libro capta las líneas profundas que definen la cultura argentina, entre las prácticas globalizadas y las particularidades locales, entre la libertad expresiva de las nuevas tecnologías y la influencia del mercado, entre el cultivo de una estética “retro” y la imaginación del futuro. Así, sin forzar hipótesis totalizadoras, articula un panorama revelador de la sociedad contemporánea. | ||
| 650 | 7 |
_aCULTURA _2unescot _91719 |
|
| 650 | 7 |
_2unescot _91332 _aCULTURA DE MASAS |
|
| 650 | 7 |
_2unescot _91333 _aINDUSTRIA CULTURAL |
|
| 650 | 7 |
_2unescot _91334 _aESTUDIOS CULTURALES |
|
| 650 | 7 |
_2unescot _93758 _aCULTURA CONTEMPORANEA |
|
| 650 | 7 |
_2unescot _93827 _aCULTURA NACIONAL |
|
| 700 | 1 |
_99291 _aQuevedo, Luis Alberto _ecomp. |
|
| 942 | _cLIBRO | ||
| 999 |
_c5647 _d5648 |
||